Normal view
MARC view
- Sound
Entry Topical Term
001 - CONTROL NUMBER
- control field: 15572
003 - CONTROL NUMBER IDENTIFIER
- control field: OSt
005 - DATE AND TIME OF LATEST TRANSACTION
- control field: 20160930153212.0
008 - FIXED-LENGTH DATA ELEMENTS
- fixed length control field: 160930|| aca||babn | a|a d
040 ## - CATALOGING SOURCE
- Original cataloging agency: OSt
150 ## - HEADING--TOPICAL TERM
- Topical term or geographic name entry element: Sound
- General subdivision: Recording and reproducing
- General subdivision: Digital techniques
